political parties in the netherlands 2025 - Statistics

General Stats
  • This quiz has been taken 44 times
  • The average score is 15 of 27
Answer Stats
seats pre-election Answer % Correct
0 Freedom For Animals
95%
25 GreenLeft-Labour party
95%
37 Party For Freedom
95%
24 People's party for Freedom and Democracy
95%
9 Democrats '66
93%
5 Christian-Democratic Appeal
83%
3 Christian's Union
83%
3 Forum For Democracy
81%
7 Farmer-Citizen Movement
79%
20 New Social Contract
79%
5 Socialist Party
79%
3 Animals Party
76%
3 DENK
76%
2 Volt
76%
1 JA21
74%
3 State Reformed Party
69%
0 50PLUS
62%
0 BIJ1
50%
0 Libertarian Party
31%
0 Dutch Interests
21%
0 Pirate Party
21%
0 NL PLAN
19%
0 ELLECT
2%
0 Frisian National Party
2%
0 THE LINE
2%
0 Free Covenant
0%
0 Rule of Law Party
0%
No matching quizzes found
Score Distribution
Percent of People with Each Score
Percentile by Number Answered
Your Score History
You have not taken this quiz